Top 200 Cities by GDP - Statistics

General Stats
  • This quiz has been taken 1,775 times
  • The average score is 136 of 200
Answer Stats
Rank GDP (Bil) Country Answer % Correct
2 2,490 U.S New York City
100%
4 1,472 UK London
99%
6 1,395 France Paris
99%
5 1,420 South Korea Seoul
99%
1 2,554 Japan Tokyo
99%
143 373 Vietnam Ho Chi Minh
98%
3 1,620 U.S Los Angeles
98%
11 1,099 China Beijing
97%
17 976 Russia Moscow
97%
7 1,252 U.S Chicago
96%
23 880 U.S Miami
96%
16 988 Singapore Singapore
96%
28 855 Australia Sydney
96%
59 622 Netherlands Amsterdam
95%
52 661 Germany Berlin
95%
57 631 Ireland Dublin
95%
48 681 Spain Madrid
95%
47 683 Mexico Mexico City
95%
39 716 India New Delhi
95%
61 618 Brazil Rio de Janeiro
95%
79 553 Italy Rome
95%
9 1,154 U.S San Francisco
95%
10 1,146 China Shanghai
95%
22 917 Canada Toronto
95%
74 567 Spain Barcelona
94%
13 1,076 U.S Dallas
94%
50 676 Turkey Istanbul
94%
53 660 Italy Milan
94%
15 1,005 U.S Boston
93%
60 620 Belgium Brussels
93%
14 1,014 U.S Houston
93%
33 760 Indonesia Jakarta
93%
31 773 Australia Melbourne
93%
8 1,185 Japan Osaka
93%
25 868 Taiwan Taipei
93%
12 1,087 U.S Washington D.C.
93%
46 685 Thailand Bangkok
92%
37 724 India Mumbai
92%
55 651 Germany Munich
92%
18 959 U.S Seattle
92%
78 555 Sweden Stockholm
92%
75 562 Denmark Copenhagen
91%
41 702 Brazil Sao Paulo
91%
98 498 Austria Vienna
91%
69 582 Israel Tel Aviv
90%
93 516 Colombia Bogota
89%
80 549 Germany Frankfurt
89%
67 590 Philippines Manila
89%
19 947 U.S Philadelphia
89%
77 556 Canada Montreal
88%
108 460 Canada Vancouver
88%
20 942 U.S Atlanta
87%
71 579 Germany Hamburg
87%
85 535 Kuwait Kuwait City
87%
87 528 Saudi Arabia Riyadh
87%
32 769 U.S Phoenix
86%
40 709 U.S San Diego
86%
44 689 U.S Denver
85%
36 732 U.S Detroit
85%
131 407 UAE Dubai
85%
29 839 China Hong Kong
85%
27 863 China Guangzhou
84%
120 430 Australia Perth
84%
92 519 Bangladesh Dhaka
83%
104 479 U.S Las Vegas
83%
167 307 Russia St. Petersburg
83%
90 523 Saudi Arabia Jeddah
82%
130 411 UK Manchester
82%
186 267 Norway Oslo
82%
72 577 U.S Portland
82%
66 596 U.S Austin
81%
127 417 Finland Helsinki
81%
84 537 U.S Orlando
81%
38 719 China Wuhan
81%
179 284 Turkey Ankara
80%
76 558 Australia Brisbane
80%
132 403 Egypt Cairo
80%
149 355 Portugal Lisbon
80%
35 746 U.S Minneapolis
80%
111 451 UAE Abu Dhabi
79%
157 330 Greece Athens
79%
159 327 Argentina Buenos Aires
79%
64 604 Pakistan Karachi
79%
136 393 Netherlands Rotterdam
79%
113 449 Poland Warsaw
79%
123 424 Switzerland Zurich
78%
153 341 Hungary Budapest
77%
124 422 Germany Cologne
77%
116 440 France Lyon
77%
105 477 France Marseille
77%
121 427 Czech Republic Prague
77%
45 687 South Korea Busan
76%
68 586 U.S Tampa
76%
166 308 New Zealand Auckland
75%
187 262 U.S Birmingham
75%
190 257 Romania Bucharest
75%
109 458 U.S Cleveland
75%
164 314 U.S New Orleans
75%
197 244 Canada Ottawa
75%
99 492 U.S San Antonio
75%
97 505 China Xi'an
75%
63 614 U.S Charlotte
74%
89 525 U.S Indianapolis
74%
178 286 South Africa Johannesburg
74%
96 506 U.S Kansas City
73%
180 281 Nigeria Lagos
73%
24 872 U.S San Jose
73%
174 291 Chile Santiago
73%
21 923 China Shenzhen
73%
70 581 U.S St. Louis
73%
56 641 U.S Baltimore
72%
135 396 U.S Jacksonville
72%
158 329 Luxembourg Luxembourg
72%
189 258 Venezuela Caracas
71%
81 547 U.S Cincinnati
71%
88 527 U.S Nashville
71%
91 522 U.S Sacramento
71%
156 332 U.S Memphis
70%
83 540 U.S Pittsburgh
70%
82 542 Germany Stuttgart
70%
161 322 Canada Calgary
69%
95 509 U.S Columbus
69%
134 399 Germany Dusseldorf
69%
114 448 U.S Salt Lake City
69%
194 250 UK Glasgow
68%
155 333 U.S Oklahoma City
68%
173 293 Italy Turin
68%
199 239 Belgium Antwerp
67%
42 699 China Chengdu
67%
169 302 Mexico Guadalajara
67%
30 834 Japan Nagoya
67%
26 867 China Chongqing
66%
192 254 Canada Edmonton
66%
146 366 U.S Milwaukee
66%
200 237 India Chennai
63%
102 485 Mexico Monterrey
63%
160 325 Japan Sapporo
63%
162 318 India Bangalore
62%
51 664 China Tianjin
62%
175 290 U.S Buffalo
61%
115 444 Ireland Cork
61%
126 419 U.S Raleigh
61%
150 350 Sweden Gothenburg
59%
147 365 China Xiamen
59%
184 273 France Bordeaux
58%
43 691 China Nanjing
57%
171 299 Turkey Izmir
56%
196 248 U.S Honolulu
55%
133 401 France Lille
54%
177 287 Germany Nuremburg
54%
163 317 U.S Louisville
53%
168 306 U.S Richmond
51%
49 679 China Hangzhou
49%
144 369 China Harbin
48%
183 275 U.S Omaha
48%
172 297 India Ahmedabad
47%
73 574 Japan Fukuoka
47%
198 243 Germany Hannover
47%
152 344 Netherlands Utrecht
46%
151 347 Indonesia Surabaya
44%
128 415 U.S Virginia Beach
44%
140 379 U.S Providence
43%
86 531 China Qingdao
42%
129 413 U.S Hartford
40%
182 278 U.S Albany
39%
62 616 China Changsha
39%
122 425 China Dalian
38%
112 450 China Fuzhou
38%
148 361 India Pune
38%
185 270 China Kunming
36%
145 368 China Shenyang
36%
100 491 China Zhengzhou
36%
191 255 U.S Rochester
33%
58 629 U.S Riverside
32%
101 487 China Hefei
31%
170 299 Turkey Bursa
30%
54 657 China Ningbo
29%
119 433 Taiwan Kaohsiung
28%
34 752 China Suzhou
28%
65 597 Germany Ruhr Area
26%
106 474 China Jinan
25%
118 436 Taiwan Taichung
23%
110 454 China Wenzhou
23%
193 252 U.S Grand Rapids
22%
137 390 U.S Bridgeport
20%
142 375 China Changchun
19%
117 439 China Dongguan
18%
165 312 China Shijiazhuang
18%
176 299 Taiwan Tainan
18%
94 511 China Wuxi
16%
103 483 China Foshan
14%
181 279 China Nanchang
14%
188 261 China Zibo
13%
154 335 Taiwan Taoyuan
10%
139 384 China Xuzhou
10%
107 466 China Nantong
9%
195 249 China Anshan
8%
141 377 China Tangshan
8%
125 421 China Yantai
8%
138 387 China Changzhou
7%
No matching quizzes found
Score Distribution
Percent of People with Each Score
Percentile by Number Answered
Your Score History
You have not taken this quiz